[Event "Havana del Este"]
[Site "Havana"]
[Date "2009.09.17"]
[Round "10"]
[White "Torres Hernandez, Juan Jose"]
[Black "Torrez Uriarte, Reinier"]
[Result "1/2-1/2"]
[WhiteElo "2097"]
[BlackElo "1789"]
[PlyCount "48"]
[EventDate "2009.09.08"]
[EventType "tourn"]
[EventRounds "22"]
[EventCountry "CUB"]
[SourceTitle "EXT 2011"]
[Source "ChessBase"]
[SourceDate "2010.11.26"]
[SourceVersion "1"]
[SourceVersionDate "2010.11.26"]
[SourceQuality "1"]

1. d4 d5 2. c4 e6 3. Nc3 Nf6 4. Bg5 Be7 5. e3 c6 6. Nf3 Nbd7 7. Rc1 0-0 8. Bd3 dxc4 9. Bxc4 Nd5 10. Bxe7 Qxe7 11. 0-0 Nxc3 12. Rxc3 e5 13. dxe5 Nxe5 14. Nxe5 Qxe5 15. Bb3 Be6 16. Bxe6 Qxe6 17. Qb3 Qxb3 18. Rxb3 b6 19. Rd3 Rfd8 20. Rfd1 Rxd3 21. Rxd3 Kf8 22. Rd6 c5 23. Kf1 Ke7 24. Rd2 Rd8 1/2-1/2